000 00833nam0a22002291 4500
001 v19\rc\1263758
005 20260407232929.0
035 _a(NLR Aleph) 004417461
090 _a4089840
_c4089840
100 _a20060306d1893 |||y0rusy50 ca
101 0 _arus
102 _aRU
105 _ay b |||||
200 1 _aСочинения по истории и географии и вспомогательным наукам
_e[Каталог]
_fКн. маг. К.Л. Риккера (С.-Петербург)
210 _aСанкт-Петербург
_d1893
712 0 0 _4570
_aРиккер,
_gК. Л.,
_hкнижный магазин
_cПетербург
_3RU\NLR\AUTH\8810159010
_9813521
801 0 _aRU
_bNLR
_gpsbo
801 1 _aRU
_bProSoft-M
_2rusmarc
852 _aNLR
_bС
_j251-670/Р-50
942 _cBOOK
980 _aNB